| 000 | 00385nam a2200145 a 4500 | ||
|---|---|---|---|
| 001 | 1265 | ||
| 003 | CDMR | ||
| 005 | 20130116135207.0 | ||
| 008 | 130130s1983||||||||||||||||||||||||||||d | ||
| 040 |
_aCDMR _bcat _cCDMR |
||
| 110 | 2 |
_aEuronet _9986 |
|
| 245 | 1 | 0 |
_aEuronet DIANE _bhacia un mercado común de la información |
| 260 |
_aMadrid _c1983 _bComisión Comunidades Europeas |
||
| 942 | _cMON | ||
| 999 |
_c1265 _d1265 |
||